Programovacie jazyky

Bibliographic Details
Main Authors: Boržíková, Jana (Author), Hrehová, Stella (Author)
Format: Book
Language:Slovak
PhysicalDescription:70 s. sch., tab. 29 cm
Published: Prešov Fakulta výrobných technológií Technickej univerzity 2006
ISBN:8080735468
Edition:1. vyd.
Subjects:

MARC

LEADER 00000nam a2200000 a 4500
001 vtls008871903
003 SK-MaSNL
005 20260302004803.0
008 240314s2006 xo l d p 001 0 slo
015 |a SNBA2006/10-05247 
020 |a 8080735468  |q (brož.) 
035 |a 00DBF4D5-2705-4081-861D-34041FEF0091 
035 |a urn:nbn:sk:snk-amkrhm 
035 |a urn:nbn:sk:snk-am005cv0 
040 |a SNK  |b slo  |c SNK  |e AACR2 
041 0 |a slo 
044 |a xo  |c SK 
072 7 |a 004.4/.6  |x Programové vybavenie. Programové prostriedky  |2 konspekt 
080 |a (075.8)  |2 2001 
080 |a 004.43  |2 2001 
100 1 |a Boržíková, Jana  |4 aut  |9 27356 
245 1 0 |a Programovacie jazyky  |c Jana Boržíková, Stella Hrehová 
250 |a 1. vyd. 
260 |a Prešov  |b Fakulta výrobných technológií Technickej univerzity  |c 2006 
300 |a 70 s.  |b sch., tab.  |c 29 cm 
366 |e 50 výtl. 
500 |a Názov z obalu 
504 |a Bibliogr. s. 67. Reg. 
650 0 7 |a programovacie jazyky  |2 SNKPH  |9 1838 
655 7 |a učebnice vysokých škôl  |2 SNKPH  |9 70191 
700 1 |a Hrehová, Stella  |4 aut  |9 26660 
919 |a 80-8073-546-8 
999 |c 997136  |d 999066 
952 |a SNK  |b SNK  |y PREZ  |7 0  |p 17A0528076  |o snkSB 73166  |i snk2006/22302  |8 0  |0 0  |1 0  |4 0  |d 2006-10-31  |l 0  |r 2025-04-25 00:00:00  |w 2026-02-24 
952 |a SNK  |b SNK  |y VYP  |7 0  |p 17A0528070  |o snkSB 73166 D1  |i snk2006/22305  |8 0  |0 0  |1 0  |4 0  |d 2006-10-31  |f 1  |l 0  |r 2016-06-30 00:00:00  |w 2026-02-24